| 000 | 01028nam a2200253Ia 4500 | ||
|---|---|---|---|
| 999 |
_c40577 _d40577 |
||
| 001 | 7202 | ||
| 003 | GE_BSU | ||
| 005 | 20230313161949.0 | ||
| 008 | 181216s2011||||ge |||||||||||||| ||geo|| | ||
| 020 | _a9789941920523 | ||
| 040 | _cGE_BSU | ||
| 041 | _ageo | ||
| 080 | _a343(075.8) ნ-38 | ||
| 100 |
_aნაჭყებია, გურამ _9219 |
||
| 245 |
_aსისხლის სამართლის ზოგადი ნაწილი : _bსახელმძღვანელო / _cგურამ ნაჭყებია ; [რედ. ირაკლი დვალიძე]. |
||
| 245 | _bსახელმძღვ. | ||
| 245 | _cრედ:ირაკლი დვალიძე. | ||
| 264 |
_aთბილისი : _bინოვაცია, _c2011. |
||
| 300 |
_a447 გვ.; _b19 სმ. |
||
| 541 | _h15ლ. | ||
| 653 | _aსისხლის სამართალი | ||
| 700 |
_aდვალიძე, ირაკლი _eრედაქტორი _96351 |
||
| 942 |
_cBK _2udc |
||